[Event "King's Indian defence - still playable for black?"]
[Site "SchemingMind.com"]
[Date "2006.06.04"]
[Round "-"]
[White "Space"]
[Black "PackoJones1000"]
[Result "0-1"]
[WhiteCountry "SWE"]
[BlackCountry "ESP"]
[WhiteElo "2218"]
[WhiteRD "73"]
[BlackElo "2233"]
[BlackRD "70"]
[GameID "53768"]

1. d4 Nf6 2. c4 g6 3. Nc3 Bg7 4. e4 d6 5. f3 O-O 6. Be3 Nc6 7. Nge2 a6 8. Qd2 Rb8 9. h4 h5 10. Nc1 Bd7
11. Nb3 a5 12. d5 Ne5 13. Nxa5 c5 14. Nb3 Qb6 15. Be2 Qb4 16. Nb5 Qa4 17. Na3 Ra8 18. O-O Rfe8 19. Bf4 Nh7 20. Bh6 Bh8
21. Qe1 Rec8 22. Rd1 b5 23. cxb5 c4 24. Nd4 Nd3 25. Qc3 Nxb2 26. Qxb2 c3 27. Nc6 Bxc6 28. Qb3 Bxd5 29. Qxd5 Qxa3 30. b6 Nf6
31. Qb5 Ra5 32. Qd3 Nd7 33. Rb1 Rb8 34. Be3 Nc5
0-1

[Event "King's Indian defence - still playable for black?"]
[Site "SchemingMind.com"]
[Date "2006.06.04"]
[Round "-"]
[White "griffimv"]
[Black "PackoJones1000"]
[Result "1/2-1/2"]
[WhiteCountry "INT"]
[BlackCountry "ESP"]
[WhiteElo "2265"]
[WhiteRD "73"]
[BlackElo "2231"]
[BlackRD "75"]
[GameID "53769"]

1. d4 Nf6 2. c4 g6 3. Nc3 Bg7 4. e4 d6 5. Nf3 O-O 6. Be2 Na6 7. O-O e5 8. Re1 Qe8 9. Bf1 Bg4 10. d5 Nb4
11. Be2 a5 12. Be3 Nh5 13. a3 Na6 14. h3 Bd7 15. Nd2 Nf4 16. Bf1 g5 17. Be2 Nxe2+ 18. Qxe2 f5 19. exf5 Bxf5 20. Bxg5 Nc5
21. Nce4 Nxe4 22. Nxe4 Qg6 23. h4 h6 24. Bd2 Bg4 25. Qf1 Bf6 26. Nxf6+ Rxf6 27. Re3 Raf8 28. Qd3 Bf5 29. Qc3 Bg4 30. Rg3 Rxf2
31. Be3 R2f6 32. Bxh6 Qxh6 33. Rxg4+ Rg6 34. Qh3 Kh8 35. Rxg6 Qxg6 36. Rc1 Qe4 37. Rc3 Rg8 38. Qf3 Qxf3 39. Rxf3 Rg4 40. c5 Rxh4
41. cxd6 cxd6 42. Rf6 Rd4 43. Rxd6 b5 44. Rd7 Kg8= 45. d6 Kf8 46. Kf1 Rd2 47. Re7 Rxd6 48. Rxe5 Rb6 49. b4 a4 50. Kf2 Rf6+
51. Ke3 Rg6 52. Rxb5 Rxg2 53. Rf5+ Ke7 54. Kd4 Rg3 55. Re5+ Kd6 56. Re3 Rg4+ 57. Kc3 Rf4 58. Rh3 Rf6 59. Rd3+ Kc6 60. Kc4 Kb6
61. Rh3 Rc6+= 62. Kd4 Rc1 63. Rh6+ Kb7 64. Rh7+ Kb6= 65. Rh3 Ra1 66. Kc4 Rc1+ 67. Rc3 Rh1=
1/2-1/2

[Event "King's Indian defence - still playable for black?"]
[Site "SchemingMind.com"]
[Date "2006.06.09"]
[Round "-"]
[White "pompom"]
[Black "PackoJones1000"]
[Result "0-1"]
[WhiteCountry "FRA"]
[BlackCountry "ESP"]
[WhiteElo "1717"]
[WhiteRD "92"]
[BlackElo "2155"]
[BlackRD "63"]
[GameID "53770"]

1. d4 Nf6 2. c4 g6 3. Nc3 Bg7 4. e4 d6 5. Nf3 O-O 6. Be2 e5 7. dxe5 dxe5 8. Qxd8 Rxd8 9. Be3 c6 10. Nxe5 Nxe4
11. Nxe4 Bxe5
0-1

[Event "King's Indian defence - still playable for black?"]
[Site "SchemingMind.com"]
[Date "2006.06.05"]
[Round "-"]
[White "McKnights"]
[Black "PackoJones1000"]
[Result "0-1"]
[WhiteCountry "USA"]
[BlackCountry "ESP"]
[WhiteElo "1749"]
[WhiteRD "58"]
[BlackElo "2155"]
[BlackRD "63"]
[GameID "53772"]

1. d4 Nf6 2. c4 g6 3. Nc3 Bg7 4. e4 d6 5. Nf3 O-O 6. Bd3 c5 7. dxc5 dxc5 8. Bg5 h6 9. Bh4 Nc6 10. O-O Nh5
11. Bg3 Bg4 12. h3 Nxg3 13. fxg3 Bxf3 14. Qxf3 Ne5 15. Qe2 Qxd3 16. Qxd3 Nxd3 17. Nd5 Bd4+ 18. Kh2 e6 19. Nf6+ Kg7 20. Ng4 f5
21. Rfd1 Nxb2 22. Rh1 fxg4 23. Rac1 a6 24. hxg4 b5 25. cxb5 axb5 26. Kh3 Nd3 27. Rc2 Rf2
0-1

[Event "King's Indian defence - still playable for black?"]
[Site "SchemingMind.com"]
[Date "2006.06.09"]
[Round "-"]
[White "Aumonde"]
[Black "ovidiubar"]
[Result "1/2-1/2"]
[WhiteCountry "USA"]
[BlackCountry "ROU"]
[WhiteElo "2189"]
[WhiteRD "61"]
[BlackElo "2076"]
[BlackRD "86"]
[GameID "54563"]

1. d4 Nf6 2. c4 g6 3. Nc3 Bg7 4. e4 d6 5. Be2 O-O 6. Bg5 c5 7. d5 b5 8. cxb5 a6 9. bxa6 Qa5 10. Qd2 Re8
11. Rd1 Nbd7 12. Nf3 Bxa6 13. O-O Bxe2 14. Qxe2 Nh5 15. Rc1 Bxc3 16. bxc3 Qxa2= 17. Rc2 Qa4 18. c4 e6 19. Qd3 exd5 20. exd5 Ne5
21. Nxe5 Rxe5 22. Bh6 Rae8 23. g4 Nf6 24. f3 g5 25. Qd2 Nd7 26. Bxg5 Re2 27. Qxe2 Rxe2 28. Rxe2 Qxc4 29. Re7 Nf8 30. Re8 Kg7
31. Be7 Ng6 32. Bxd6 Qxd5 33. Bg3 h5 34. gxh5 Qxh5 35. Re3 Qd5 36. Rc1 Qd4 37. Rc3 c4 38. Kf1 f5 39. Bf2 Kh6 40. Ra3 Qd1+
41. Re1 Qd6 42. Be3+ Kh5 43. Ra7 f4 44. Bf2 Kh6 45. Rb7 c3 46. Rb6 Qd3+ 47. Kg2 c2 48. Rc6 Qd2 49. Ree6 c1=Q 50. Rxg6+ Kh7
51. Rh6+ Kg7 52. Rxc1 Qxc1 53. Rh3 Kg6 54. Rh4 Qd2 55. Rh8 Qd3 56. h3 Kg7 57. Rh4 Qd2 58. Rh5 Kg6 59. Rh8 Qd6 60. h4 Qe5
61. Rd8 Kh6 62. Rg8 Qc3 63. Rg5 Qd3 64. Re5 Qd6 65. Re4 Kh5 66. Rc4 Qg6+ 67. Kh2 Qf7= 68. Rc8 Kh6 69. Rb8 Qd5 70. Kg2 Qf7
71. Rh8+=
1/2-1/2

[Event "King's Indian defence - still playable for black?"]
[Site "SchemingMind.com"]
[Date "2006.06.09"]
[Round "-"]
[White "Aumonde"]
[Black "Space"]
[Result "0-1"]
[WhiteCountry "USA"]
[BlackCountry "SWE"]
[WhiteElo "2212"]
[WhiteRD "60"]
[BlackElo "2253"]
[BlackRD "75"]
[GameID "54564"]

1. d4 Nf6 2. c4 g6 3. Nc3 Bg7 4. e4 d6 5. Bd3 O-O 6. Nf3 c5 7. d5 e6 8. O-O exd5 9. exd5 Bg4 10. h3 Bxf3
11. Qxf3 Nbd7 12. Qd1 Nh5 13. Be2 Bxc3 14. bxc3 Ng7 15. Rb1 Qc7 16. Re1 Rfe8 17. Qb3 Rab8 18. Bf4 Re7 19. Qa4 a6 20. Bd3 Rbe8
21. Rxe7 Rxe7 22. Qc2 f6 23. Be2 Ne5= 24. a4 Nf7 25. Bg3 Nf5 26. Bh2 Qd8 27. Bf1 Ne5 28. Rb2 Qd7 29. Be2 Nh4 30. Bg3 Nf5
31. Bf4 Qc7 32. Qb1 Kg7 33. Rb6 Nh6 34. a5 Nhf7 35. Bh2 Nd8 36. Bg3 Nef7
0-1

[Event "King's Indian defence - still playable for black?"]
[Site "SchemingMind.com"]
[Date "2006.06.09"]
[Round "-"]
[White "Aumonde"]
[Black "griffimv"]
[Result "1/2-1/2"]
[WhiteCountry "USA"]
[BlackCountry "INT"]
[WhiteElo "2191"]
[WhiteRD "64"]
[BlackElo "2228"]
[BlackRD "83"]
[GameID "54565"]

1. d4 Nf6 2. c4 g6 3. Nc3 Bg7 4. e4 d6 5. Nge2 O-O 6. d5 Na6 7. Ng3 Nc5 8. Be2 h5 9. h4 Ng4 10. f3 Ne5
11. Bg5 Bd7 12. Qd2 a5 13. O-O-O a4 14. Kb1 a3 15. b3 c6 16. Bh6 Bxh6 17. Qxh6 Qb6 18. Qd2 Rab8 19. Nf1 Nxb3 20. axb3 Qxb3+
21. Ka1 Nxc4 22. Bxc4 Qxc4 23. Ne3 Qa6 24. g4 hxg4 25. Nxg4 f6 26. Qh6 Be8 27. Rhg1 Qc4 28. Na4 Qxa4 29. Ne5 Qxd1+ 30. Rxd1 dxe5
31. Rg1 cxd5 32. Rxg6+ Bxg6 33. Qxg6+=
1/2-1/2

[Event "King's Indian defence - still playable for black?"]
[Site "SchemingMind.com"]
[Date "2006.06.09"]
[Round "-"]
[White "Aumonde"]
[Black "PackoJones1000"]
[Result "1-0"]
[WhiteCountry "USA"]
[BlackCountry "ESP"]
[WhiteElo "2127"]
[WhiteRD "61"]
[BlackElo "2159"]
[BlackRD "64"]
[GameID "54566"]

1. d4 Nf6 2. c4 g6 3. Nc3 Bg7 4. e4 d6 5. Be2 O-O 6. Nf3 Nbd7 7. O-O e5 8. dxe5 dxe5 9. a3 c6 10. b4 a5
11. Be3 axb4 12. axb4 Rxa1 13. Qxa1 Nh5 14. Rd1 Nf4 15. Bf1 Qe7 16. Qa4 Ne6 17. c5 f5 18. Qa2 f4 19. Bc1 Kh8 20. Bb2 Nd4
21. Nxd4 exd4 22. Ne2 Qxe4 23. Nxd4 Nf6 24. Qa1 g5 25. Bc4 f3 26. g3 Qg4 27. Rd3 h6 28. Rxf3 Re8 29. Bf7 Rf8 30. Bg6 Kg8
31. h3 Qd7 32. Nf5 Qd8 33. Nxg7 Kxg7 34. Bh5 Qe7 35. g4
1-0

[Event "King's Indian defence - still playable for black?"]
[Site "SchemingMind.com"]
[Date "2006.06.09"]
[Round "-"]
[White "Aumonde"]
[Black "pompom"]
[Result "1-0"]
[WhiteCountry "USA"]
[BlackCountry "FRA"]
[WhiteElo "2149"]
[WhiteRD "63"]
[BlackElo "1717"]
[BlackRD "92"]
[GameID "54567"]

1. d4 Nf6 2. c4 g6 3. Nc3 Bg7 4. e4 d6 5. h3 O-O 6. Nf3 c5 7. d5 Qa5 8. Bd2 Qb6 9. Qc2 Na6 10. a3 Bd7
11. Be2
1-0

[Event "King's Indian defence - still playable for black?"]
[Site "SchemingMind.com"]
[Date "2006.06.09"]
[Round "-"]
[White "Aumonde"]
[Black "McKnights"]
[Result "1-0"]
[WhiteCountry "USA"]
[BlackCountry "USA"]
[WhiteElo "2149"]
[WhiteRD "63"]
[BlackElo "1749"]
[BlackRD "58"]
[GameID "54569"]

1. d4 Nf6 2. c4 g6 3. Nc3 Bg7 4. e4 d6 5. h3 O-O 6. Nf3 Nbd7 7. Qc2 e5 8. dxe5 Nxe5 9. Nxe5 dxe5 10. Be3 Be6
11. Be2 c6 12. O-O Qc7 13. b3 Rfd8 14. Rad1 Rxd1 15. Rxd1 b6 16. Qd3 Bf8 17. Bg5 Kg7 18. Qg3 Ne8 19. Bg4 Bxg4 20. Qxg4 Rd8
21. Bxd8 Qb7 22. Rd7 Qc8 23. Rxf7+ Kxf7 24. Qxc8
1-0

[Event "King's Indian defence - still playable for black?"]
[Site "SchemingMind.com"]
[Date "2006.06.09"]
[Round "-"]
[White "ovidiubar"]
[Black "Aumonde"]
[Result "1/2-1/2"]
[WhiteCountry "ROU"]
[BlackCountry "USA"]
[WhiteElo "2076"]
[WhiteRD "86"]
[BlackElo "2189"]
[BlackRD "61"]
[GameID "54570"]

1. d4 Nf6 2. c4 g6 3. Nc3 Bg7 4. e4 d6 5. Nf3 b6 6. Bd3 Bb7 7. d5 O-O 8. O-O Nbd7 9. Bf4 e5 10. Bg5 h6
11. Be3 Nc5 12. Bc2 c6 13. b4 cxd5 14. exd5 Na6 15. a3 Ng4 16. Bd2 f5 17. h3 Nf6 18. Ba4 Nc7 19. Rc1 a6 20. Bc6 Bxc6
21. dxc6 Ne6 22. Nd5 e4 23. Re1 Rc8 24. Nxf6+ Bxf6 25. Bxh6 Re8 26. Nh2 Bb2 27. Rc2 Bxa3 28. b5 axb5 29. cxb5 d5 30. Ra2 Bd6
31. Nf1 Be5 32. Bd2 Qc7 33. Ne3 Rcd8 34. Bb4 d4 35. Nc4 d3 36. Ra6 Bd4 37. Qa4 Qg3 38. Ne3 Bxe3 39. Rxe3 Qe5 40. Re1 d2
41. Rd1 e3 42. fxe3 Qxe3+ 43. Kh1 Qe4 44. Ra7 Rd3 45. Bxd2 Rxd2 46. Rxd2 Qe1+ 47. Kh2 Qxd2 48. Rd7 Qe1 49. Qa3 Qe5+ 50. Qg3 Qxg3+
51. Kxg3 Nc5 52. Ra7 Kf8 53. Kh2 Rd8 54. Rh7 Kg8 55. Ra7 f4 56. Kg1 Rf8 57. Kh2 Rc8 58. h4 Ne4 59. Rb7 Nd6 60. Rxb6 Kf7
61. Kh3 Ke6 62. Kg4 Kd5 63. c7 Rxc7 64. Kxf4 Re7 65. g4 Re4+ 66. Kg3 Ke6 67. h5 g5 68. h6 Rc4 69. Ra6 Rc7 70. b6 Rb7
71. Kg2 Kf6 72. h7 Kg7 73. Ra5 Rxb6 74. Rxg5+= Kxh7 75. Kf3 Nf7 76. Rd5 Rb4 77. Ra5 Kg6 78. Ra6+ Kg5 79. Ra5+ Kf6 80. Ra6+ Kg7
81. Ra7 Rc4 82. Ra5 Rd4 83. Kg3 Kf6 84. Ra6+ Nd6 85. Kf3 Rd5 86. Kf4 Rd1 87. Ke3 Kg5 88. Kf3 Nc4 89. Re6 Rd3+ 90. Ke4 Rd8
91. Kf3 Rd4 92. Re8 Rf4+ 93. Ke2 Kxg4 94. Rg8+ Kh5 95. Kd3 Nd6 96. Ke3 Rf5 97. Kd4 Rf1 98. Kd3 Kh6=
1/2-1/2

[Event "King's Indian defence - still playable for black?"]
[Site "SchemingMind.com"]
[Date "2006.06.09"]
[Round "-"]
[White "Space"]
[Black "Aumonde"]
[Result "1-0"]
[WhiteCountry "SWE"]
[BlackCountry "USA"]
[WhiteElo "2253"]
[WhiteRD "75"]
[BlackElo "2212"]
[BlackRD "60"]
[GameID "54571"]

1. d4 Nf6 2. c4 g6 3. Nc3 Bg7 4. e4 d6 5. f3 Nbd7 6. Be3 O-O 7. Qd2 c5 8. d5 Ne5 9. Bg5 e6 10. f4 Neg4
11. dxe6 fxe6 12. h3 h6 13. Bh4 g5 14. fxg5 hxg5 15. Bxg5 Ne5 16. Nf3 Nf7 17. O-O-O b6 18. h4 Bb7 19. Bd3 Nxg5 20. hxg5 Ng4
21. Qe1 Rf7 22. Qg3 Ne5 23. g6 Re7 24. Qh3 Nxf3 25. gxf3 Bc6 26. f4 Qe8 27. Qh5 Rb7 28. Rh4 Bf6 29. Rh2 e5 30. f5 a6
31. Rdh1 Qd8 32. Qg4 Bg7 33. Rh7 Qf6 34. Ne2 Kf8 35. Ng3 Ke8 36. Nh5
1-0

[Event "King's Indian defence - still playable for black?"]
[Site "SchemingMind.com"]
[Date "2006.06.09"]
[Round "-"]
[White "griffimv"]
[Black "Aumonde"]
[Result "1/2-1/2"]
[WhiteCountry "INT"]
[BlackCountry "USA"]
[WhiteElo "2232"]
[WhiteRD "78"]
[BlackElo "2212"]
[BlackRD "60"]
[GameID "54572"]

1. d4 Nf6 2. c4 g6 3. Nc3 Bg7 4. e4 d6 5. Nf3 c5 6. d5 Qb6 7. Be2 O-O 8. Qc2 e5 9. O-O Na6 10. a3 Nh5
11. Ne1 Nf4 12. Bxf4 exf4 13. Nd3 f5 14. Nxf4 fxe4 15. Ne6 Bxe6 16. dxe6 Bxc3 17. bxc3 Qc6 18. Bg4 Nc7 19. f4 Rae8 20. f5 gxf5
21. Bxf5 Nxe6 22. Bxe6+ Rxe6 23. Rxf8+ Kxf8 24. Qf2+ Kg7 25. Qg3+ Kh8 26. Rf1 Qe8 27. Qe3 h6 28. Rf4 Kh7 29. Qh3 Qg6 30. Rg4 Qf6
31. Rf4 Qxf4 32. Qxe6 b5 33. cxb5 e3 34. h3 h5 35. a4 Qf2+ 36. Kh2 e2 37. Qe7+ Kg8=
1/2-1/2

[Event "King's Indian defence - still playable for black?"]
[Site "SchemingMind.com"]
[Date "2006.06.09"]
[Round "-"]
[White "PackoJones1000"]
[Black "Aumonde"]
[Result "1/2-1/2"]
[WhiteCountry "ESP"]
[BlackCountry "USA"]
[WhiteElo "2159"]
[WhiteRD "64"]
[BlackElo "2127"]
[BlackRD "61"]
[GameID "54573"]

1. d4 Nf6 2. c4 g6 3. Nc3 Bg7 4. e4 d6 5. Nf3 b6 6. e5 dxe5 7. Nxe5 Bb7 8. Qa4+ Nfd7 9. Bf4 O-O 10. O-O-O e6
11. h4 Qf6 12. Bg3 Nxe5 13. dxe5 Qe7 14. Kb1 a5 15. h5 Rd8 16. hxg6 hxg6 17. f4 Rxd1+ 18. Qxd1 Qd7 19. Qc1 Na6 20. Bh4 Nc5
21. Rh3 a4 22. Qe3 a3 23. b4 Ne4 24. Kc1 Nxc3 25. Qxc3 c5 26. b5 Be4 27. g4 Ra4 28. Bd3 Bxd3 29. Rxd3 Qb7 30. Qc2 Rb4
31. Rd8+ Kh7 32. Qe2 Qh1+ 33. Be1 Rb2 34. Rd2= Rxd2 35. Kxd2 Kg8 36. g5 Qg1 37. Qf2 Qg4=
1/2-1/2

[Event "King's Indian defence - still playable for black?"]
[Site "SchemingMind.com"]
[Date "2006.06.09"]
[Round "-"]
[White "pompom"]
[Black "Aumonde"]
[Result "0-1"]
[WhiteCountry "FRA"]
[BlackCountry "USA"]
[WhiteElo "1680"]
[WhiteRD "90"]
[BlackElo "2133"]
[BlackRD "66"]
[GameID "54574"]

1. d4 Nf6 2. c4 g6 3. Nc3 Bg7 4. e4 d6 5. Nf3 c5 6. dxc5 O-O 7. cxd6 exd6 8. Bd3 Nc6 9. O-O Re8 10. h3 b6
11. Bg5 h6
0-1

[Event "King's Indian defence - still playable for black?"]
[Site "SchemingMind.com"]
[Date "2006.06.11"]
[Round "-"]
[White "McKnights"]
[Black "Aumonde"]
[Result "0-1"]
[WhiteCountry "USA"]
[BlackCountry "USA"]
[WhiteElo "1749"]
[WhiteRD "58"]
[BlackElo "2149"]
[BlackRD "63"]
[GameID "54576"]

1. d4 Nf6 2. c4 g6 3. Nc3 Bg7 4. e4 d6 5. Bg5 O-O 6. Bd3 Nc6 7. Nge2 h6 8. Be3 Ng4 9. O-O e5 10. d5 Qh4
11. h3 Nxe3 12. fxe3 Nb4 13. a3 Nxd3 14. Qxd3 Bd7 15. Rf2 Qg5 16. Rf3 h5 17. Raf1 h4 18. Nd1 a6 19. Nec3 Rae8 20. Nf2 Rb8
21. Ne2 c5 22. Nc1 b5 23. b3 a5 24. Na2 bxc4 25. bxc4 Rb2 26. Nc3 Rfb8 27. Nb5 R8xb5 28. cxb5 Bxb5 29. Qd1 Be2
0-1

[Event "King's Indian defence - still playable for black?"]
[Site "SchemingMind.com"]
[Date "2006.06.22"]
[Round "-"]
[White "chessfreak"]
[Black "ovidiubar"]
[Result "1-0"]
[WhiteCountry "INT"]
[BlackCountry "ROU"]
[WhiteElo "2148"]
[WhiteRD "111"]
[BlackElo "2042"]
[BlackRD "88"]
[GameID "56378"]

1. d4 Nf6 2. c4 g6 3. Nc3 Bg7 4. e4 d6 5. Nf3 Bg4 6. Be2 Nc6 7. Be3 Bxf3 8. Bxf3 e5 9. d5 Ne7 10. Qb3 O-O
11. Qxb7 Rb8 12. Qxa7 Rxb2 13. O-O Qb8 14. Qxb8 Rfxb8 15. a4 c5 16. a5 Ra8 17. a6 Ne8 18. Nb5 f5 19. a7 f4 20. Bc1 Rc2
21. Bg4 Rxc4 22. Bd7
1-0

[Event "King's Indian defence - still playable for black?"]
[Site "SchemingMind.com"]
[Date "2006.06.22"]
[Round "-"]
[White "chessfreak"]
[Black "Space"]
[Result "1/2-1/2"]
[WhiteCountry "INT"]
[BlackCountry "SWE"]
[WhiteElo "2196"]
[WhiteRD "99"]
[BlackElo "2193"]
[BlackRD "75"]
[GameID "56379"]

1. d4 Nf6 2. c4 g6 3. Nc3 Bg7 4. e4 d6 5. Nf3 O-O 6. Be2 e5 7. O-O Nc6 8. d5 Ne7 9. b4 Nh5 10. Re1 f5
11. Ng5 Nf6 12. exf5 Nxf5 13. Bd2 Nd4 14. Bd3 h6 15. Nge4 Bf5 16. Nxf6+ Qxf6 17. Bxf5 Qxf5 18. Ne4 Kh7 19. Rc1 a6 20. Bc3 Rf7
21. Re3 Raf8 22. Qd3 Qd7=
1/2-1/2

[Event "King's Indian defence - still playable for black?"]
[Site "SchemingMind.com"]
[Date "2006.06.22"]
[Round "-"]
[White "chessfreak"]
[Black "Aumonde"]
[Result "1/2-1/2"]
[WhiteCountry "INT"]
[BlackCountry "USA"]
[WhiteElo "2217"]
[WhiteRD "98"]
[BlackElo "2244"]
[BlackRD "56"]
[GameID "56380"]

1. d4 Nf6 2. c4 g6 3. Nc3 Bg7 4. e4 d6 5. Nf3 O-O 6. Be2 e5 7. Be3 c6 8. d5 Na6 9. a3 Ng4 10. Bg5 f6
11. Bh4 g5 12. Bg3 f5 13. exf5 Nh6 14. Ne4 Nxf5 15. Nfxg5 h6 16. Nf3 Nxg3 17. hxg3 Bf5 18. Nfd2 Nc5 19. Nxc5 dxc5 20. Qb3 e4
21. Rh4 Qf6 22. O-O-O Qg5 23. Rdh1 Rae8 24. Rf4 Be5 25. Rh5 Bxf4 26. Rxg5+ Bxg5 27. Kd1 Re7 28. Bh5 Rd8 29. g4 Bc8 30. Nf1 cxd5
31. cxd5 b6 32. Ke1 Kh7 33. Ne3 Bb7 34. Kf1 Bxe3 35. Qxe3 Rxd5 36. b4 cxb4 37. axb4 Rde5 38. Ke2 Ba6+ 39. Ke1 Bc4 40. Qd4 Bd5
41. Ke2 Bg8 42. Ke3= R5e6 43. Qd5 Rg7 44. b5 Rc7 45. g5 hxg5 46. Bg4 Rg6 47. Qxe4 Rc3+ 48. Ke2 Rc4 49. Qe7+ Rg7=
1/2-1/2

[Event "King's Indian defence - still playable for black?"]
[Site "SchemingMind.com"]
[Date "2006.06.22"]
[Round "-"]
[White "chessfreak"]
[Black "griffimv"]
[Result "1-0"]
[WhiteCountry "INT"]
[BlackCountry "INT"]
[WhiteElo "2293"]
[WhiteRD "90"]
[BlackElo "2350"]
[BlackRD "80"]
[GameID "56381"]

1. d4 Nf6 2. c4 g6 3. Nc3 Bg7 4. e4 d6 5. Nf3 O-O 6. Be2 e5 7. Be3 Ng4 8. Bg5 f6 9. Bc1 Nc6 10. d5 Ne7
11. O-O f5 12. Ng5 Nf6 13. exf5 Nxf5 14. Nge4 c5 15. Bg5 Nd4 16. Bd3 Qb6 17. Qd2 Bf5 18. Rae1 Rf7 19. f3 Raf8 20. b3 Nh5
21. Ne2 Nf6 22. N4g3 Bd7 23. Nxd4 cxd4 24. Rc1 Qc7 25. a4 a5 26. Rb1 Re8 27. b4 Ra8 28. Rfc1 axb4 29. Qxb4 Be8 30. Bxf6 Rxa4
31. Qb6 Bxf6 32. Ne4 Qxb6 33. Rxb6 Be7 34. Nxd6 Bxd6 35. Rxd6 Ra3 36. Rd1 Ba4 37. Rd2 Bd7 38. Rb6 Bc8 39. Kf2 Kg7 40. Ke2 Ra7
41. Rdb2 Rc7 42. R6b5 Kf6 43. h4 Ra3 44. Rb6+ Kf7 45. h5 gxh5 46. Rh6 Kf8 47. Rd2 Rf7 48. Bxh7 Re3+ 49. Kd1 Kg7 50. Rxh5 Rc7
51. Rb2 Rxc4 52. Kd2 Ra3 53. Bb1 d3 54. Rxe5 Rh4 55. Rb6 Kf8 56. d6 Rd4 57. Re3 Bd7 58. Rxb7 Rxd6 59. Rxd3 Raxd3+ 60. Bxd3 Bf5
61. Rb3 Be6 62. Rc3 Rd7 63. Ke3 Rg7 64. Rc6 Ke7 65. Rc7+ Bd7 66. Bf5 Rxg2 67. Rxd7+ Kf6 68. Be4
1-0

[Event "King's Indian defence - still playable for black?"]
[Site "SchemingMind.com"]
[Date "2006.06.22"]
[Round "-"]
[White "chessfreak"]
[Black "PackoJones1000"]
[Result "1-0"]
[WhiteCountry "INT"]
[BlackCountry "ESP"]
[WhiteElo "2196"]
[WhiteRD "99"]
[BlackElo "2230"]
[BlackRD "72"]
[GameID "56382"]

1. d4 Nf6 2. c4 g6 3. Nc3 Bg7 4. e4 d6 5. Nf3 O-O 6. Be2 e5 7. Be3 Ng4 8. Bg5 f6 9. Bh4 g5 10. Bg3 Nh6
11. d5 Nd7 12. Nd2 f5 13. f3 Nf6 14. h3 Nh5 15. Bf2 Qe7 16. g4 fxg4 17. hxg4 Nf4 18. Rh2 a5 19. Qc2 a4 20. a3 Bd7
21. Be3 Qf6 22. O-O-O Nf7 23. Kb1 h6 24. Rdh1 Rad8 25. c5 dxc5 26. Bxc5 Nd6 27. Bf1 Ng6 28. Nxa4 Ra8 29. Nc3 Rf7 30. Ne2 Nh4
31. Rh3 c6 32. dxc6 Bxc6 33. Ng3 Ba4 34. Qc3 Rc8 35. Qb4 Rfc7 36. Nb3 Bxb3 37. Qxb3+ Qf7 38. Qxf7+ Nxf7 39. Bb6 Rc1+ 40. Ka2 Nd6
41. Be2 R1c6 42. Ba5 Bf8 43. Rd1 Ng2 44. Bb4 Nf4 45. Rh2 Nxe2 46. Rxe2 Nb5 47. Bxf8 Kxf8 48. Nf5 Nd4 49. Nxd4 exd4 50. Rxd4 Ke7
51. Re3 Re6 52. Red3 Rc7 53. b4 h5 54. gxh5 Rh6 55. b5 b6 56. Kb3 Rxh5 57. Rd5 Kf8 58. a4
1-0

[Event "King's Indian defence - still playable for black?"]
[Site "SchemingMind.com"]
[Date "2006.06.22"]
[Round "-"]
[White "chessfreak"]
[Black "MatdeInverses"]
[Result "1-0"]
[WhiteCountry "INT"]
[BlackCountry "USA"]
[WhiteElo "2148"]
[WhiteRD "111"]
[BlackElo "1871"]
[BlackRD "53"]
[GameID "56384"]

1. d4 Nf6 2. c4 g6 3. Nc3 Bg7 4. e4 d6 5. f3 O-O 6. Be3 Nc6 7. Nge2 e5 8. d5 Ne7 9. g4 h5 10. gxh5 Nxh5
11. Qd2
1-0

[Event "King's Indian defence - still playable for black?"]
[Site "SchemingMind.com"]
[Date "2006.06.22"]
[Round "-"]
[White "chessfreak"]
[Black "McKnights"]
[Result "1-0"]
[WhiteCountry "INT"]
[BlackCountry "USA"]
[WhiteElo "2148"]
[WhiteRD "111"]
[BlackElo "1755"]
[BlackRD "64"]
[GameID "56385"]

1. d4 Nf6 2. c4 g6 3. Nc3 Bg7 4. e4 d6 5. Be2 O-O 6. Be3 Qe8 7. h3 e5 8. d5 c6 9. g4 cxd5 10. cxd5 Nbd7
11. g5 Nh5 12. Bxh5 gxh5 13. Qxh5 f6 14. Qxe8 Rxe8 15. Nb5 Rf8 16. Nc7 Rb8 17. Bxa7 fxg5 18. Rc1 Bh6 19. Rc3 Nf6 20. Bxb8 Nxe4
21. Rf3 Rd8 22. Ba7 g4 23. Rd3 gxh3 24. Nxh3 Bf5 25. Rb3 Bd2+ 26. Ke2 Ba5 27. Ne6 Bxe6 28. dxe6 Re8 29. Rxb7 Rxe6 30. Kd3 d5
31. Rg1+ Kf8 32. Ng5 Nxg5 33. Rxg5 h6 34. Bc5+
1-0

[Event "King's Indian defence - still playable for black?"]
[Site "SchemingMind.com"]
[Date "2006.06.23"]
[Round "-"]
[White "ovidiubar"]
[Black "chessfreak"]
[Result "1/2-1/2"]
[WhiteCountry "ROU"]
[BlackCountry "INT"]
[WhiteElo "2042"]
[WhiteRD "88"]
[BlackElo "2148"]
[BlackRD "111"]
[GameID "56386"]

1. d4 Nf6 2. c4 g6 3. Nc3 Bg7 4. e4 d6 5. Bd3 O-O 6. Nge2 c5 7. d5 e6 8. O-O exd5 9. exd5 Ng4 10. f4 Re8
11. a3 Nd7 12. h3 Nh6 13. Ng3 Nb6 14. Re1 Bd4+ 15. Kf1 Bd7 16. Rxe8+ Qxe8 17. Qf3 Qe7 18. Bd2 Qh4 19. Be1 Re8 20. Nge2 Qe7
21. Nxd4 cxd4 22. Ne2 Qe3 23. Qxe3 Rxe3 24. Rd1 Na4 25. Bf2 Nxb2 26. Bxe3 dxe3 27. Nc3=
1/2-1/2

[Event "King's Indian defence - still playable for black?"]
[Site "SchemingMind.com"]
[Date "2006.06.22"]
[Round "-"]
[White "Space"]
[Black "chessfreak"]
[Result "1/2-1/2"]
[WhiteCountry "SWE"]
[BlackCountry "INT"]
[WhiteElo "2239"]
[WhiteRD "70"]
[BlackElo "2217"]
[BlackRD "98"]
[GameID "56387"]

1. d4 Nf6 2. c4 g6 3. Nc3 Bg7 4. e4 d6 5. Nf3 O-O 6. Be2 e5 7. Be3 Ng4 8. Bg5 f6 9. Bh4 Nc6 10. d5 Ne7
11. Nd2 Nh6 12. f3 c5 13. dxc6 bxc6 14. b4 Kh8 15. Nb3 Be6 16. Bf2 Qc7 17. O-O Nf7 18. b5 Rab8 19. bxc6 Qxc6 20. Nd5 Qd7
21. c5 Rfc8 22. Bc4 Bxd5 23. exd5 dxc5 24. Nxc5 Qd6 25. Ne4 Qa3 26. Bb3 Nf5 27. Re1 Nd4 28. f4 Nb5 29. fxe5 Nxe5 30. Bg3 Qb4
31. Qd2=
1/2-1/2

[Event "King's Indian defence - still playable for black?"]
[Site "SchemingMind.com"]
[Date "2006.06.22"]
[Round "-"]
[White "Aumonde"]
[Black "chessfreak"]
[Result "1-0"]
[WhiteCountry "USA"]
[BlackCountry "INT"]
[WhiteElo "2189"]
[WhiteRD "61"]
[BlackElo "2162"]
[BlackRD "101"]
[GameID "56388"]

1. d4 Nf6 2. c4 g6 3. Nc3 Bg7 4. e4 d6 5. Be2 O-O 6. Bg5 c5 7. d5 h6 8. Be3 e6 9. Nf3 exd5 10. cxd5 Re8
11. Qc2 Na6 12. O-O Qe7 13. Nd2 Bd7 14. Bxa6 bxa6 15. f3 Bb5 16. Rfd1 Rab8 17. Re1 Nh5 18. a4 Bd7 19. Nc4 Rb4 20. b3 f5
21. e5 Qxe5 22. Nxe5
1-0